00887nam a22003137a 450000500170000000800410001702000150005804100080007308200160008110000330009724501090013026000140023926000260025326000090027930000180028849000290030665000190033565000210035465000200037565000170039565000320041265000330044465000200047765000140049765000150051165000180052694200120054499900170055620260213174656.0260213b1999 xxu||||| |||| 00| 0 spa d a9506792631 aESP a364 EL37cte aElbert, Carlos Alberto94747 aCriminología latinoamericana: Teoría y propuestas sobre el control social del tercer milenio I Parte aArgentina bEditorial Universidad c1999 a350 páginas aInvestigación Criminal aCRIMINOLOGÍA aAMÉRICA LATINA aEPISTEMOLOGÍA aSOCIOLOGÍA aPARADIGMAS CRIMINOLÓGICOS aINVESTIGACIÓN CIENTÍFICA aREALIDAD SOCIAL aPOLICÍA aCÁRCELES aDEUDA EXTERNA cBK2ddc c13920d13920